000 00550cam a2200193 4500
001 D6166
008 090401t1984 xxu||||| |||| 00| 0 eng d
035 _a(Sirsi) u88274
041 _aeng
050 _a692.8
110 _aJoint Contracts Tribunal
_93664
245 _aJCT intermediate form of building contract IFC 84 [specimen]
260 _aLondon
_bRIBA Publications for JCT
_c1984
300 _a30p. 30cm
350 _a0
520 _aFiled in box JCT 1984/1 ABC A - Archives, B - Reference, C - Loan
942 _n0
948 _c04/03/1997
999 _c97320
_d97320